Simulating Networks at Home/Which Tool to Choose (Record no. 8413)
[ view plain ]
| 000 -LEADER | |
|---|---|
| fixed length control field | 01033cam a22001934a 4500 |
| 005 - ΗΜΕΡΟΜΗΝΙΑ ΚΑΙ ΩΡΑ ΤΕΛΕΥΤΑΙΑΣ ΕΝΗΜΕΡΩΣΗΣ | |
| Πεδίο ελέγχου | 20250605164335.0 |
| 008 - FIXED-LENGTH DATA ELEMENTS--GENERAL INFORMATION | |
| Πεδίο ελέγχου σταθερού μήκους | 250528s ||||||||||||||||||||||||d |
| 035 ## - SYSTEM CONTROL NUMBER | |
| System control number | 23390 |
| 040 ## - ΠΗΓΗ ΚΑΤΑΛΟΓΟΓΡΑΦΗΣΗΣ | |
| Φορέας πρωτότυπης καταλογογράφησης | MC Athens Campus Library |
| Γλώσσα καταλογογράφησης | Ελληνικά, Μοντέρνα (1453-) |
| Modifying agency | MC Athens Campus Library |
| Κανόνες περιγραφικής καταλογογράφησης | AACR2 |
| 245 1# - ΤΙΤΛΟΣ ΚΑΙ ΔΗΛΩΣΗ ΥΠΕΥΘΥΝΟΤΗΤΑΣ | |
| Τίτλος | Simulating Networks at Home/Which Tool to Choose |
| 260 ## - PUBLICATION, DISTRIBUTION, ETC. | |
| Date of publication, distribution, etc. | 2019 |
| 300 ## - PHYSICAL DESCRIPTION | |
| Extent | 47 |
| 520 ## - SUMMARY, ETC. | |
| Summary, etc. | Abstract, Introduction, Literature Review, Cisco Packer Tracer, Riverbed Modeler (Academin Edition), Graphical Network Simulator 3, Additional Technologies and Protocols, Specification Analysis, Implementation Methodology, Implementation, Cisco Packet Tracer, Graphical Network Simulator 3, Riverbed Modeler, Issues That Appeared, Cisco Packet Tracer, Graphical Network Simulation 3, Riverbed Modeler (Academic Edition), Results and Conclusions, Cisco Packet Tracer, Graphical Network Simulation 3, Riverbed Modeler (Academic Edition), Dicussion, References. |
| 700 1# - ΠΡΟΣΘΕΤΗ ΑΝΑΓΡΑΦΗ--ΦΥΣΙΚΟ ΠΡΟΣΩΠΟ | |
| Personal name | Diagiakidis Michail |
| 9 (RLIN) | 8951 |
| 700 1# - ΠΡΟΣΘΕΤΗ ΑΝΑΓΡΑΦΗ--ΦΥΣΙΚΟ ΠΡΟΣΩΠΟ | |
| Personal name | Dikaios Pavlos |
| 9 (RLIN) | 8952 |
| 942 ## - ADDED ENTRY ELEMENTS (KOHA) | |
| Koha item type | Διπλωματική εργασία |
| Τύπος τεκμηρίου | Βιβλιοθήκη | Τρέχουσα τοποθεσία | Barcode | Ημερομηνία απόκτησης | Ταξιθετικό σύμβολο | Αριθμός αντιτύπου | Κατάσταση απόσυρσης | Κατάσταση χαμένου | Κατάσταση κατεστραμμένου | Μη δανεισμός | Σύνολο δανεισμών | Ημερομηνία τελευταίας εμφάνισης | Η τιμή ισχύει από |
|---|---|---|---|---|---|---|---|---|---|---|---|---|---|
| Διπλωματική εργασία | MC Athens Campus Library | MC Athens Campus Library | 9780000084125 | 05/06/2025 | COMP 2019 (27) | 1 | 05/06/2025 | 05/06/2025 |